[Event "CRO-chT U16 (2013) final"]
[Site "Rijeka"]
[Date "2014.01.10"]
[Round "4"]
[White "Batory, Lucija"]
[Black "Erenda, Bruno"]
[Result "1/2-1/2"]
[WhiteElo "1602"]
[BlackElo "1717"]
[PlyCount "34"]
[EventDate "2014.01.09"]
[EventType "team-tourn"]
[EventRounds "7"]
[EventCountry "CRO"]
[SourceTitle "EXT 2023"]
[Source "ChessBase"]
[SourceDate "2022.10.05"]
[SourceVersion "1"]
[SourceVersionDate "2022.10.05"]
[SourceQuality "1"]

1. e4 e6 2. Nf3 d5 3. Nc3 Nf6 4. e5 Nfd7 5. d4 a6 6. Bd3 c5 7. Bf4 Nc6 8. dxc5 Bxc5 9. 0-0 Qc7 10. Qe2 Nd4 11. Nxd4 Bxd4 12. Rfe1 Bxc3 13. bxc3 Qxc3 14. Qg4 Kf8 15. Qh4 Qc7 16. Re3 Nc5 17. Bxh7 Qe7 1/2-1/2